[Event "Open Game"]
[Site "http://www.queenalice.com/game.php?id=481653"]
[Date "2008.10.23"]
[Round "-"]
[White "si0ux"]
[Black "XaraX"]
[Result "0-1"]
[WhiteElo "1139"]
[BlackElo "1727"]

1. d4 d5 2. Nc3 e6 3. e4 Bb4 4. exd5 Qxd5 5. Nf3 Nf6 6. a3 Bxc3+ 7. bxc3 O-O 8.
Bd3 c5 9. O-O Nc6 10. Be3 c4 11. Bg5 Nd7 12. Re1 cxd3 13. Qxd3 h6 14. Re5 Ncxe5
15. Qd2 Nxf3+ 16. gxf3 Qxg5+ 17. Kf1 Qxd2 18. h3 Qxc2 19. Kg2 Qxc3 20. Rg1 Qxd4
21. Kg3 Ne5 22. f4 Ng6 23. Kg2 Nxf4+ 24. Kg3 e5 25. f3 Ne2+ 26. Kg2 Qxg1# 0-1

[Event "Challenge"]
[Site "http://www.queenalice.com/game.php?id=486256"]
[Date "2008.10.31"]
[Round "-"]
[White "si0ux"]
[Black "Romanov"]
[Result "0-1"]
[WhiteElo "1199"]
[BlackElo "1391"]

1. e4 c5 2. Nf3 e6 3. Nc3 g6 4. d4 Nc6 5. d5 exd5 6. Qxd5 Nf6 7. Qc4 Bg7 8. Ng5
Qe7 9. Nd5 Nxd5 10. Qxd5 Nb4 11. Qb3 h6 12. Nf3 Qxe4+ 13. Be3 Nxc2+ 14. Kd1 Nxa1
15. Bd3 Nxb3 16. Bxe4 Na5 17. h3 d6 18. Re1 Bxb2 19. g4 Be6 20. Kc2 Bg7 21. Bd2
Nc6 22. Bf4 Nb4+ 23. Kd2 a5 24. a3 Na6 25. Bxb7 Ra7 26. Bc6+ Kf8 27. Bxd6+ Kg8
28. Kc1 Kh7 29. Be5 Bxe5 30. Nxe5 c4 0-1

[Event "Let's Play Chess!"]
[Site "http://www.queenalice.com/game.php?id=492132"]
[Date "2008.11.12"]
[Round "-"]
[White "geraldo"]
[Black "si0ux"]
[Result "1-0"]
[WhiteElo "1378"]
[BlackElo "1216"]

1. e4 e5 2. Nf3 Nc6 3. d3 Nf6 4. c3 d5 5. Nbd2 Ng4 6. g3 d4 7. cxd4 Nxd4 8. Nxd4
Qxd4 9. Qe2 h5 10. Nf3 Qc5 11. Be3 Qa5+ 12. Bd2 Qa4 13. b3 Qc6 14. Rc1 Qf6 15.
Bg5 Qd6 16. h3 f6 17. Be3 Nh6 18. Bc5 Qc6 19. d4 b6 20. Bxf8 Qxc1+ 21. Qd1 Qc3+
22. Nd2 Kxf8 23. Qxh5 Qxd4 24. Bc4 Qd7 25. g4 b5 26. Bd5 c6 27. O-O b4 28. Rd1
cxd5 29. g5 Nf7 30. Qg6 Rh6 31. gxh6 gxh6 32. Qxf6 Rb8 33. Nf3 Rb6 34. Nxe5 Qe8
35. Ng6+ 1-0

[Event "chess! is a good sport"]
[Site "http://www.queenalice.com/game.php?id=496871"]
[Date "2008.11.22"]
[Round "-"]
[White "duchray"]
[Black "si0ux"]
[Result "1-0"]
[WhiteElo "1173"]
[BlackElo "1328"]

1. e4 e5 2. d3 Nf6 3. f3 Nc6 4. a3 d6 5. Nc3 h6 6. Nge2 Be7 7. Be3 a6 8. Qd2 O-O
9. O-O-O d5 10. d4 dxe4 11. fxe4 Ng4 12. d5 Na5 13. Ng3 Re8 14. h3 Nf6 15. Nge2
c6 16. Kb1 cxd5 17. exd5 Nc4 18. Qd3 Qc7 19. Ne4 Nxe3 20. Rd2 Nexd5 21. g4 Nd7
22. Qxd5 Nb6 23. Qa5 Bg5 24. Rd6 Be3 25. Bg2 Rd8 26. Rhd1 Bg5 27. Bf3 Be7 28.
R6d3 Re8 29. Rc3 Qb8 30. Qxb6 Be6 31. Rc7 Bd8 32. Rxd8 Qxd8 33. N2c3 Qh4 34. Nf2
Rad8 35. Rxb7 Rd2 36. Nce4 Rd4 37. Ra7 Qg3 38. Be2 1-0

[Event "Let's Play Chess!"]
[Site "http://www.queenalice.com/game.php?id=500425"]
[Date "2008.11.30"]
[Round "-"]
[White "si0ux"]
[Black "erikmartinelli"]
[Result "1-0"]
[WhiteElo "1309"]
[BlackElo "1545"]

1. e4 e5 2. Nf3 d6 3. c3 Bg4 4. h3 Bxf3 5. Qxf3 Nc6 6. Bc4 Nf6 7. d3 g6 8. Bg5
Be7 9. O-O h6 10. Bh4 g5 11. Bg3 b6 12. Bb5 Qd7 13. Rd1 h5 14. d4 exd4 15. cxd4
g4 16. Qe3 gxh3 17. gxh3 Qxh3 18. Be2 Ng4 19. Qf3 O-O-O 20. Bf1 Qxg3+ 21. fxg3
Nf6 22. a3 Rdg8 23. e5 dxe5 24. dxe5 Nxe5 25. Qa8# 1-0

[Event "Let's Play Chess!"]
[Site "http://www.queenalice.com/game.php?id=500671"]
[Date "2008.11.30"]
[Round "-"]
[White "basti822"]
[Black "si0ux"]
[Result "0-1"]
[WhiteElo "1567"]
[BlackElo "1185"]

1. e4 e5 2. d4 Nc6 3. d5 Nd4 4. Nf3 Bc5 5. Nxe5 d6 6. Nd3 Nf6 7. Bg5 h6 8. Bxf6
Qxf6 9. f3 O-O 10. Nc3 Re8 11. Nxc5 dxc5 12. Nb5 Re7 13. c3 Nxb5 14. Bxb5 a6 15.
Be2 Qg5 16. O-O Bh3 17. g4 h5 18. Rf2 hxg4 19. fxg4 Rxe4 20. Qd3 Re3 21. Qf5 Qe7
22. Rd1 Rxe2 23. Qd3 Rxf2 24. Kxf2 Qh4+ 25. Kf3 Qxg4+ 26. Ke3 Re8+ 27. Kd2 Qg5+
28. Kc2 Bf5 0-1

[Event "Let's Play Chess!"]
[Site "http://www.queenalice.com/game.php?id=502896"]
[Date "2008.12.6"]
[Round "-"]
[White "si0ux"]
[Black "Romanov"]
[Result "0-1"]
[WhiteElo "1289"]
[BlackElo "1515"]

1. e4 e5 2. Qh5 Qf6 3. Nf3 d6 4. Bc4 g6 5. Qh4 Qxh4 6. Nxh4 Be7 7. Nf3 a6 8. d4
Bf6 9. dxe5 dxe5 10. O-O Ne7 11. Rd1 Bg4 12. h3 Bxf3 13. gxf3 Nbc6 14. Nc3 Nd4
15. Bd3 Nxf3+ 16. Kg2 Nh4+ 17. Kh1 Nc6 18. Nd5 Bd8 19. Rg1 Nd4 20. b3 c6 21. Ne3
O-O 22. c3 Ndf3 23. Rg3 Bb6 24. Be2 Bxe3 25. Bxe3 f6 26. Bxf3 Rad8 27. Be2 g5
28. Rd1 Rxd1+ 29. Bxd1 b5 30. b4 a5 31. Bc5 Rd8 32. Bb3+ Kg7 33. bxa5 Kg6 34. a4
Ra8 35. Rd3 Rxa5 36. Rd8 bxa4 37. Rg8+ Kh6 38. Bf8+ Kh5 39. Bd1+ Nf3 40. Bxf3+
Kh4 41. Kh2 a3 42. Rh8 g4 43. Bxg4 a2 0-1

[Event "Challenge"]
[Site "http://www.queenalice.com/game.php?id=521724"]
[Date "2009.1.13"]
[Round "-"]
[White "si0ux"]
[Black "chevellephb"]
[Result "1-0"]
[WhiteElo "1255"]
[BlackElo "1327"]

1. e4 d5 2. Nc3 Nf6 3. d3 e6 4. Bg5 Nc6 5. Nf3 h6 6. Bh4 g5 7. Bg3 Bc5 8. d4
Bxd4 9. Nxd4 dxe4 10. Qe2 Nxd4 11. Qd2 h5 12. O-O-O Qd6 13. Bxd6 cxd6 14. Qxd4
Rh6 15. Qxd6 b6 16. Qd8# 1-0

[Event "AUTO-INT-1169"]
[Site "http://www.queenalice.com/game.php?id=522186"]
[Date "2009.1.14"]
[Round "1"]
[White "Renatogr90"]
[Black "si0ux"]
[Result "0-1"]
[WhiteElo "1514"]
[BlackElo "1278"]

1. e4 e5 2. Nf3 Nc6 3. Bb5 a6 4. Bxc6 bxc6 5. Nxe5 Qe7 6. f4 d6 7. Nd3 h5 8. Qf3
Nf6 9. e5 dxe5 10. fxe5 Nd5 11. b3 Bg4 12. Qe4 f5 13. Qd4 Rd8 14. Ba3 Qh4+ 15.
g3 Qh3 16. Nc3 Nxc3 17. Qxc3 Qg2 18. Bxf8 Qe2# 0-1

[Event "AUTO-INT-1169"]
[Site "http://www.queenalice.com/game.php?id=522187"]
[Date "2009.1.14"]
[Round "1"]
[White "si0ux"]
[Black "Renatogr90"]
[Result "0-1"]
[WhiteElo "1305"]
[BlackElo "1600"]

1. e4 e5 2. Nf3 Nc6 3. Nc3 Nf6 4. h3 Bb4 5. a3 Bxc3 6. bxc3 d6 7. Bb5 a6 8. Ba4
Be6 9. d3 b5 10. Bb3 Bxb3 11. cxb3 Nd7 12. Ng5 f6 13. Ne6 Qb8 14. Nxg7+ Kd8 15.
Qg4 Qb6 16. Ne6+ Kc8 17. Qg7 Kb7 18. Qxd7 a5 19. Be3 Qxe3+ 20. Kf1 Qxd3+ 21. Ke1
Qxc3+ 22. Ke2 Nd4+ 0-1

[Event "AUTO-INT-1169"]
[Site "http://www.queenalice.com/game.php?id=522196"]
[Date "2009.1.14"]
[Round "1"]
[White "EdsonEstevam"]
[Black "si0ux"]
[Result "1-0"]
[WhiteElo "1605"]
[BlackElo "1293"]

1. e4 e5 2. Bc4 Nf6 3. d3 c6 4. Bg5 h6 5. Bh4 d5 6. exd5 cxd5 7. Bb5+ Nc6 8. Nf3
a6 9. Bxc6+ bxc6 10. Nxe5 Qe7 11. d4 c5 12. dxc5 Qxe5+ 13. Qe2 Ne4 14. O-O Bd6
15. cxd6 Qxd6 16. Nc3 Bb7 17. f3 Qf4 18. Bg3 Qf6 19. fxe4 Qd4+ 20. Bf2 Qe5 21.
Bg3 Qe6 22. exd5 Qe7 23. Qxe7+ Kxe7 24. Rae1+ Kd8 25. Rxf7 1-0

[Event "AUTO-INT-1169"]
[Site "http://www.queenalice.com/game.php?id=522197"]
[Date "2009.1.14"]
[Round "1"]
[White "si0ux"]
[Black "EdsonEstevam"]
[Result "0-1"]
[WhiteElo "1297"]
[BlackElo "1601"]

1. e4 e5 2. Nf3 Nc6 3. Nc3 Bb4 4. a3 Ba5 5. Bc4 Bxc3 6. bxc3 Nf6 7. d3 d6 8. Bg5
Bg4 9. h3 Bh5 10. g4 Bg6 11. Bh4 a6 12. Ng5 O-O 13. Qf3 b5 14. Bb3 a5 15. O-O-O
a4 16. Ba2 Na5 17. d4 Nxe4 18. Nxe4 Qxh4 19. g5 Bxe4 20. Qg2 Bxg2 0-1

[Event "São Paulo Time"]
[Site "http://www.queenalice.com/game.php?id=545290"]
[Date "2009.2.23"]
[Round "1"]
[White "si0ux"]
[Black "paloberto"]
[Result "0-1"]
[WhiteElo "1301"]
[BlackElo "1602"]

1. e4 e5 2. Nf3 Nc6 3. Nc3 Nf6 4. d4 d6 5. Bg5 Be7 6. d5 Nb4 7. a3 Na6 8. h3 Qd7
9. Bb5 c6 10. Ba4 O-O 11. Qd2 b5 12. dxc6 Qxc6 13. Bxb5 Qb6 14. O-O-O Be6 15.
Bh4 h6 0-1